000 00474pab a2200157 454500
008 180718b xxu||||| |||| 00| 0 eng d
100 _aBaily, Antorine S.
245 _aThe role of the service sector in the economy of metropoliton Geneva, 1975-85
650 _a Service Sector
650 _a Service Industry
650 _a Geneva
650 _aService Industry - Geneva
700 _aCoffey, William J
773 _aReview of Urban and Regional Development
909 _a1894
999 _c1894
_d1894